000 00549 a2200169 4500
999 _c9757
_d9757
020 _a9781779222589
050 _aPR9390.9 MLA 2014
100 _aMlalazi, Christopher
_eauthor
245 _aThey are coming /
_cChristopher
264 _aAvondale, Harare :
_bWeaver Press,
_c2014
300 _av, 146p. :
500 _aElectronic books Fiction Novels
650 _a Bulawayo (Zimbabwe)
_xFiction.
650 _aLobengula (Bulawayo, Zimbabwe)
_xFiction.
650 _aFamilies -- Zimbabwe -- Bulawayo
_xFiction.
942 _2lcc
_cBK
_h9390.9
_iMLA
_kPR